000 00210nam a22000857a 4500
003 SGT
245 _aJournal of Oral Pathology & Medicine
260 _bBlackwell
_c2006, 2007, 2009, 2010, 2011, 2008
942 _2ddc
_cBV
999 _c27636
_d27636